[Event "EUYCC 2025 - U12"]
[Site "?"]
[Date "2025.08.25"]
[Round "7.13"]
[White "Reren, Alexis Miriam"]
[Black "Guzdziol, Olaf"]
[Result "1-0"]
[BlackElo "1492"]
[WhiteElo "1576"]
[LiveChessVersion "1.4.8"]

1. d4 {[%clk 1:30:56]} d5 {[%clk 1:30:52]} 2. c4 {[%clk 1:31:18]} e6
{[%clk 1:31:16]} 3. Nc3 {[%clk 1:31:38]} Nf6 {[%clk 1:31:39]} 4. e3
{[%clk 1:32:00]} Be7 {[%clk 1:32:03]} 5. cxd5 {[%clk 1:32:19]} exd5
{[%clk 1:32:06]} 6. Bd3 {[%clk 1:32:11]} O-O {[%clk 1:31:54]} 7. Nf3
{[%clk 1:32:27]} Nc6 {[%clk 1:29:22]} 8. O-O {[%clk 1:30:29]} Nb4
{[%clk 1:25:57]} 9. Bb1 {[%clk 1:28:56]} b6 {[%clk 1:25:02]} 10. a3
{[%clk 1:27:40]} Nc6 {[%clk 1:22:48]} 11. Qd3 {[%clk 1:21:56]} Nb8
{[%clk 1:18:11]} 12. Re1 {[%clk 1:17:21]} Ba6 {[%clk 1:18:18]} 13. Qd2
{[%clk 1:13:57]} Nbd7 {[%clk 1:16:08]} 14. b3 {[%clk 1:07:50]} c5
{[%clk 1:13:39]} 15. Ne5 {[%clk 1:01:53]} cxd4 {[%clk 1:12:11]} 16. exd4
{[%clk 1:01:15]} Rc8 {[%clk 1:10:09]} 17. Bf5 {[%clk 0:55:47]} Rc7
{[%clk 1:05:28]} 18. Bb2 {[%clk 0:53:21]} Qa8 {[%clk 1:00:43]} 19. Nxd7
{[%clk 0:50:01]} Nxd7 {[%clk 0:55:18]} 20. Rxe7 {[%clk 0:50:03]} Qd8
{[%clk 0:55:20]} 21. Ree1 {[%clk 0:50:03]} Nf6 {[%clk 0:55:01]} 22. Rac1
{[%clk 0:47:31]} Qd6 {[%clk 0:54:21]} 23. h3 {[%clk 0:46:29]} 1-0

[Event "EUYCC 2025 - U12"]
[Site "?"]
[Date "2025.08.25"]
[Round "7.14"]
[White "Salim, Florian"]
[Black "Cibickova, Diana"]
[Result "1-0"]
[BlackElo "1502"]
[WhiteElo "1649"]
[LiveChessVersion "1.4.8"]

1. e4 {[%clk 1:30:56]} e5 {[%clk 1:30:55]} 2. Nf3 {[%clk 1:31:17]} Nc6
{[%clk 1:31:19]} 3. Bb5 {[%clk 1:31:33]} a6 {[%clk 1:31:43]} 4. Ba4
{[%clk 1:31:56]} b5 {[%clk 1:32:00]} 5. Bb3 {[%clk 1:32:19]} Na5 {[%clk 1:32:26]}
6. O-O {[%clk 1:29:14]} Nxb3 {[%clk 1:31:21]} 7. axb3 {[%clk 1:29:31]} d6
{[%clk 1:31:26]} 8. h3 {[%clk 1:23:58]} Bb7 {[%clk 1:30:23]} 9. d3
{[%clk 1:23:09]} Be7 {[%clk 1:30:26]} 10. Nc3 {[%clk 1:22:33]} Nf6
{[%clk 1:27:53]} 11. Ne2 {[%clk 1:21:01]} O-O {[%clk 1:25:09]} 12. Ng3
{[%clk 1:19:56]} Re8 {[%clk 1:24:02]} 13. Nf5 {[%clk 1:12:52]} Bf8
{[%clk 1:23:54]} 14. Bg5 {[%clk 1:07:31]} g6 {[%clk 1:20:35]} 15. Nh6+
{[%clk 1:03:17]} Kg7 {[%clk 1:20:15]} 16. Ng4 {[%clk 0:56:38]} Be7
{[%clk 1:20:08]} 17. Bh6+ {[%clk 0:49:49]} Kg8 {[%clk 1:19:53]} 18. Nxf6+
{[%clk 0:49:04]} Bxf6 {[%clk 1:20:09]} 19. Qd2 {[%clk 0:48:43]} Bg7
{[%clk 1:16:44]} 20. Rfe1 {[%clk 0:47:19]} Qd7 {[%clk 1:14:26]} 21. Bxg7
{[%clk 0:44:04]} Kxg7 {[%clk 1:14:44]} 22. Nh2 {[%clk 0:42:52]} Qe6
{[%clk 1:12:46]} 23. Ng4 {[%clk 0:41:02]} h5 {[%clk 1:10:38]} 24. Ne3
{[%clk 0:40:30]} Rh8 {[%clk 1:08:29]} 25. Rac1 {[%clk 0:35:25]} Qd7
{[%clk 1:01:35]} 26. Rf1 {[%clk 0:30:24]} Qe7 {[%clk 0:58:36]} 27. f4
{[%clk 0:27:34]} exf4 {[%clk 0:56:06]} 28. Rxf4 {[%clk 0:27:35]} Qe5
{[%clk 0:55:11]} 29. Rcf1 {[%clk 0:25:02]} Rhf8 {[%clk 0:54:12]} 30. Qf2
{[%clk 0:23:48]} Qe6 {[%clk 0:52:41]} 31. Rf6 {[%clk 0:22:32]} Qd7
{[%clk 0:49:55]} 32. Qf4 {[%clk 0:14:19]} Rae8 {[%clk 0:34:12]} 33. Qg5
{[%clk 0:12:03]} Re6 {[%clk 0:30:09]} 34. Nf5+ {[%clk 0:08:20]} Kg8
{[%clk 0:30:04]} 35. Nh6+ {[%clk 0:06:03]} Kg7 {[%clk 0:30:00]} 36. Nf5+
{[%clk 0:06:13]} Kg8 {[%clk 0:30:18]} 37. Nh6+ {[%clk 0:06:40]} Kg7
{[%clk 0:30:44]} 38. Rxf7+ {[%clk 0:06:57]} Rxf7 {[%clk 0:30:34]} 39. Rxf7+
{[%clk 0:06:07]} Qxf7 {[%clk 0:30:53]} 40. Nxf7 {[%clk 0:06:32]} Kxf7
{[%clk 0:31:16]} 41. c4 {[%clk 0:06:30]} Bc6 {[%clk 0:29:46]} 42. cxb5
{[%clk 0:06:24]} Bxb5 {[%clk 0:29:51]} 43. Qd2 {[%clk 0:06:09]} Re7
{[%clk 0:28:44]} 44. Kf2 {[%clk 0:06:07]} Kg7 {[%clk 0:28:13]} 45. g4
{[%clk 0:05:25]} hxg4 {[%clk 0:28:08]} 46. hxg4 {[%clk 0:05:48]} Kf7
{[%clk 0:27:32]} 47. Kg3 {[%clk 0:05:50]} Re5 {[%clk 0:26:44]} 48. g5
{[%clk 0:05:05]} d5 {[%clk 0:25:42]} 49. Qf4+ {[%clk 0:05:19]} 1-0

[Event "EUYCC 2025 - U12"]
[Site "?"]
[Date "2025.08.25"]
[Round "7.15"]
[White "Tanase, Andreea"]
[Black "Kroslakova, Michaela"]
[Result "1/2-1/2"]
[BlackElo "1655"]
[WhiteElo "1516"]
[LiveChessVersion "1.4.8"]

1. e4 {[%clk 1:30:58]} e5 {[%clk 1:30:50]} 2. Nf3 {[%clk 1:31:23]} Nc6
{[%clk 1:31:08]} 3. Bc4 {[%clk 1:31:47]} Bc5 {[%clk 1:31:20]} 4. c3
{[%clk 1:32:14]} Nf6 {[%clk 1:31:24]} 5. d4 {[%clk 1:32:37]} exd4
{[%clk 1:31:47]} 6. cxd4 {[%clk 1:33:05]} Bb4+ {[%clk 1:31:57]} 7. Bd2
{[%clk 1:33:21]} Bxd2+ {[%clk 1:32:09]} 8. Nbxd2 {[%clk 1:33:44]} d5
{[%clk 1:32:17]} 9. exd5 {[%clk 1:28:47]} Nxd5 {[%clk 1:31:40]} 10. Qb3
{[%clk 1:28:38]} Nce7 {[%clk 1:30:27]} 11. O-O {[%clk 1:26:24]} O-O
{[%clk 1:30:24]} 12. Rfe1 {[%clk 1:21:19]} c6 {[%clk 1:29:38]} 13. Rac1
{[%clk 1:10:53]} Qb6 {[%clk 1:18:24]} 14. Qxb6 {[%clk 1:04:04]} axb6
{[%clk 1:17:59]} 15. Ne4 {[%clk 0:56:32]} Be6 {[%clk 1:01:41]} 16. Neg5
{[%clk 0:46:58]} Bf5 {[%clk 0:46:48]} 17. Nh4 {[%clk 0:31:57]} Rfe8
{[%clk 0:41:49]} 18. Bxd5 {[%clk 0:25:37]} cxd5 {[%clk 0:42:09]} 19. Rc7
{[%clk 0:24:26]} Nc6 {[%clk 0:42:07]} 20. Rxe8+ {[%clk 0:24:24]} Rxe8
{[%clk 0:42:31]} 21. h3 {[%clk 0:23:55]} Nxd4 {[%clk 0:39:52]} 22. Rxb7
{[%clk 0:23:11]} f6 {[%clk 0:36:54]} 23. Ngf3 {[%clk 0:22:07]} Ne2+
{[%clk 0:35:48]} 24. Kh2 {[%clk 0:20:39]} Bc8 {[%clk 0:35:39]} 25. Rb8
{[%clk 0:17:51]} Kf7 {[%clk 0:32:21]} 1/2-1/2

[Event "EUYCC 2025 - U12"]
[Site "?"]
[Date "2025.08.25"]
[Round "7.17"]
[White "Flidr, Jan"]
[Black "Maesepp, Stella"]
[Result "1/2-1/2"]
[BlackElo "1520"]
[WhiteElo "1431"]
[LiveChessVersion "1.4.8"]

1. e4 {[%clk 1:30:46]} c5 {[%clk 1:30:43]} 2. Nf3 {[%clk 1:30:49]} e6
{[%clk 1:30:45]} 3. d4 {[%clk 1:31:04]} cxd4 {[%clk 1:30:50]} 4. Nxd4
{[%clk 1:31:10]} Nf6 {[%clk 1:30:36]} 5. Nc3 {[%clk 1:31:00]} Nc6
{[%clk 1:29:30]} 6. Be3 {[%clk 1:30:12]} Bb4 {[%clk 1:28:36]} 7. Be2
{[%clk 1:28:19]} Nxe4 {[%clk 1:26:42]} 8. Qd3 {[%clk 1:22:45]} d5
{[%clk 1:21:41]} 9. O-O {[%clk 1:21:17]} Bxc3 {[%clk 1:05:27]} 10. bxc3
{[%clk 1:11:58]} O-O {[%clk 1:01:29]} 11. Rab1 {[%clk 1:09:06]} Ne5
{[%clk 1:00:06]} 12. Qb5 {[%clk 0:50:36]} Nxc3 {[%clk 0:59:34]} 13. Qb3
{[%clk 0:49:42]} Nxb1 {[%clk 0:59:20]} 14. Rxb1 {[%clk 0:49:53]} a6
{[%clk 0:54:25]} 15. Bf4 {[%clk 0:47:54]} Ng6 {[%clk 0:53:15]} 16. Qg3
{[%clk 0:39:56]} Nxf4 {[%clk 0:51:29]} 17. Qxf4 {[%clk 0:39:59]} Re8
{[%clk 0:50:31]} 18. Qg3 {[%clk 0:36:03]} Qf6 {[%clk 0:49:20]} 19. Nf3
{[%clk 0:34:54]} b5 {[%clk 0:41:54]} 20. Bd3 {[%clk 0:32:16]} e5 {[%clk 0:40:01]}
21. Be2 {[%clk 0:31:52]} e4 {[%clk 0:38:58]} 22. Nd2 {[%clk 0:31:47]} Re5
{[%clk 0:35:39]} 23. f3 {[%clk 0:31:19]} Rg5 {[%clk 0:30:38]} 24. Qf2
{[%clk 0:30:16]} Bh3 {[%clk 0:23:22]} 25. g3 {[%clk 0:29:33]} Rf5
{[%clk 0:17:00]} 26. f4 {[%clk 0:29:32]} Qg6 {[%clk 0:15:38]} 27. Rb3
{[%clk 0:29:21]} Bg4 {[%clk 0:14:16]} 28. Bf1 {[%clk 0:29:29]} Rf6
{[%clk 0:13:47]} 29. Rc3 {[%clk 0:28:57]} Rc8 {[%clk 0:13:30]} 30. Rxc8+
{[%clk 0:28:43]} Bxc8 {[%clk 0:13:38]} 31. Bg2 {[%clk 0:29:08]} Rc6
{[%clk 0:11:38]} 32. Nb3 {[%clk 0:28:54]} Qf6 {[%clk 0:10:18]} 33. Qd2
{[%clk 0:27:36]} Qd6 {[%clk 0:08:23]} 34. Na5 {[%clk 0:24:16]} Rb6
{[%clk 0:08:24]} 35. Qd4 {[%clk 0:24:26]} h6 {[%clk 0:07:52]} 36. Kf2
{[%clk 0:24:18]} Bb7 {[%clk 0:05:53]} 37. c3 {[%clk 0:23:15]} Qa3
{[%clk 0:05:10]} 38. Qxb6 {[%clk 0:23:10]} Qxa2+ {[%clk 0:04:07]} 39. Ke3
{[%clk 0:23:24]} Qxg2 {[%clk 0:03:10]} 40. Qxb7 {[%clk 0:23:31]} Qf3+
{[%clk 0:03:19]} 41. Kd4 {[%clk 0:23:41]} Qd3+ {[%clk 0:03:17]} 42. Ke5
{[%clk 0:23:17]} Qxc3+ {[%clk 0:02:56]} 43. Kxd5 {[%clk 0:23:04]} Qxa5
{[%clk 0:03:12]} 44. Kxe4 {[%clk 0:23:12]} Qb4+ {[%clk 0:03:27]} 45. Ke5
{[%clk 0:23:33]} Qc3+ {[%clk 0:03:27]} 46. Ke4 {[%clk 0:22:39]} Qe1+
{[%clk 0:03:15]} 47. Kd4 {[%clk 0:22:39]} Qf2+ {[%clk 0:03:23]} 48. Kd3
{[%clk 0:22:54]} Qf1+ {[%clk 0:03:19]} 49. Kd4 {[%clk 0:23:14]} Qf2+
{[%clk 0:03:31]} 50. Kd3 {[%clk 0:23:36]} Qa2 {[%clk 0:02:16]} 51. Qc8+
{[%clk 0:23:39]} Kh7 {[%clk 0:02:31]} 52. Qf5+ {[%clk 0:23:56]} g6
{[%clk 0:02:23]} 53. Qf6 {[%clk 0:24:12]} Qe6 {[%clk 0:02:20]} 54. Qa1
{[%clk 0:24:13]} Qd6+ {[%clk 0:02:23]} 55. Ke2 {[%clk 0:24:09]} Qe6+
{[%clk 0:02:04]} 56. Kd2 {[%clk 0:24:21]} b4 {[%clk 0:01:59]} 57. Qb2
{[%clk 0:23:48]} Qb6 {[%clk 0:02:01]} 58. Qb3 {[%clk 0:23:40]} 1/2-1/2

[Event "EUYCC 2025 - U12"]
[Site "?"]
[Date "2025.08.25"]
[Round "7.18"]
[White "Nagy-Konya, Luca"]
[Black "Siskova, Alexandra"]
[Result "1-0"]
[BlackElo "1471"]
[WhiteElo "1526"]
[LiveChessVersion "1.4.8"]

1. e4 {[%clk 1:30:57]} e5 {[%clk 1:30:54]} 2. Nf3 {[%clk 1:31:16]} Nf6
{[%clk 1:31:11]} 3. Nc3 {[%clk 1:31:05]} Nc6 {[%clk 1:31:31]} 4. Bc4
{[%clk 1:29:38]} Be7 {[%clk 1:31:12]} 5. O-O {[%clk 1:28:52]} d6 {[%clk 1:30:53]}
6. h3 {[%clk 1:25:37]} Qd7 {[%clk 1:21:37]} 7. d4 {[%clk 1:23:54]} exd4
{[%clk 1:20:31]} 8. Nxd4 {[%clk 1:24:11]} O-O {[%clk 1:19:31]} 9. Bg5
{[%clk 1:19:20]} Nxd4 {[%clk 1:19:22]} 10. Qxd4 {[%clk 1:19:31]} c5
{[%clk 1:19:41]} 11. Qd3 {[%clk 1:18:08]} a6 {[%clk 1:18:29]} 12. a4
{[%clk 1:15:13]} h6 {[%clk 1:18:16]} 13. Bf4 {[%clk 1:15:21]} b6 {[%clk 1:16:05]}
14. Nd5 {[%clk 1:12:09]} Nxd5 {[%clk 1:15:59]} 15. Bxd5 {[%clk 1:12:18]} Bb7
{[%clk 1:15:37]} 16. Rfd1 {[%clk 1:01:23]} Rfd8 {[%clk 1:11:12]} 17. Qb3
{[%clk 0:59:38]} Bxd5 {[%clk 1:04:27]} 18. Rxd5 {[%clk 0:56:45]} Qc6
{[%clk 1:01:58]} 19. Rad1 {[%clk 0:53:52]} Rd7 {[%clk 1:01:03]} 20. R1d3
{[%clk 0:50:34]} c4 {[%clk 0:58:09]} 21. Qc3 {[%clk 0:50:08]} Rad8
{[%clk 0:54:43]} 22. R3d4 {[%clk 0:46:56]} Bf6 {[%clk 0:53:48]} 23. Qxc4
{[%clk 0:45:44]} Qxc4 {[%clk 0:50:00]} 24. Rxc4 {[%clk 0:46:02]} b5
{[%clk 0:48:50]} 25. axb5 {[%clk 0:46:18]} axb5 {[%clk 0:49:14]} 26. Rb4
{[%clk 0:45:22]} Be5 {[%clk 0:43:06]} 27. Bxe5 {[%clk 0:44:24]} dxe5
{[%clk 0:43:29]} 28. Rdxb5 {[%clk 0:44:12]} f6 {[%clk 0:42:58]} 29. c4
{[%clk 0:42:53]} Rc8 {[%clk 0:41:54]} 30. Rb8 {[%clk 0:43:04]} Rdc7
{[%clk 0:41:36]} 31. Rxc8+ {[%clk 0:43:18]} Rxc8 {[%clk 0:42:00]} 32. b3
{[%clk 0:43:40]} Kf8 {[%clk 0:39:48]} 33. Rb7 {[%clk 0:42:06]} h5
{[%clk 0:39:19]} 34. f3 {[%clk 0:42:21]} g5 {[%clk 0:39:43]} 35. Kf2
{[%clk 0:42:35]} Ke8 {[%clk 0:39:47]} 36. Rh7 {[%clk 0:42:04]} h4
{[%clk 0:39:10]} 37. Ke3 {[%clk 0:41:54]} Rc6 {[%clk 0:35:31]} 38. Kd3
{[%clk 0:41:02]} Rd6+ {[%clk 0:35:50]} 39. Kc3 {[%clk 0:41:21]} Rd1
{[%clk 0:36:13]} 40. c5 {[%clk 0:41:29]} Rg1 {[%clk 0:36:12]} 41. Kb4
{[%clk 0:41:36]} Rxg2 {[%clk 0:36:32]} 42. c6 {[%clk 0:41:53]} Kd8
{[%clk 0:36:40]} 43. Kc5 {[%clk 0:41:42]} Rc2+ {[%clk 0:35:28]} 44. Kb6
{[%clk 0:41:44]} Rc3 {[%clk 0:34:32]} 45. b4 {[%clk 0:40:59]} Rc4
{[%clk 0:33:54]} 46. b5 {[%clk 0:40:26]} f5 {[%clk 0:32:38]} 47. exf5
{[%clk 0:39:44]} g4 {[%clk 0:31:22]} 48. hxg4 {[%clk 0:39:19]} Rc1
{[%clk 0:30:56]} 49. f6 {[%clk 0:39:32]} 1-0

[Event "EUYCC 2025 - U12"]
[Site "?"]
[Date "2025.08.26"]
[Round "8.1"]
[White "Manouvel, Maelys"]
[Black "Bilochenko, Matvii"]
[Result "0-1"]
[BlackElo "1972"]
[WhiteElo "1739"]
[LiveChessVersion "1.4.8"]

1. e4 {[%clk 1:30:22]} e6 {[%clk 1:30:46]} 2. d4 {[%clk 1:30:28]} d5
{[%clk 1:31:11]} 3. Nc3 {[%clk 1:30:35]} Bb4 {[%clk 1:31:10]} 4. e5
{[%clk 1:30:33]} c5 {[%clk 1:31:25]} 5. Bd2 {[%clk 1:30:39]} Ne7 {[%clk 1:31:24]}
6. Nb5 {[%clk 1:27:48]} Bxd2+ {[%clk 1:28:18]} 7. Qxd2 {[%clk 1:27:48]} O-O
{[%clk 1:27:59]} 8. f4 {[%clk 1:24:43]} cxd4 {[%clk 1:24:48]} 9. Nf3
{[%clk 1:23:31]} b6 {[%clk 1:17:48]} 10. Bd3 {[%clk 1:14:43]} Ba6
{[%clk 1:10:07]} 11. Nbxd4 {[%clk 1:06:30]} Bxd3 {[%clk 1:05:27]} 12. Qxd3
{[%clk 1:06:09]} h6 {[%clk 1:00:01]} 13. O-O-O {[%clk 0:57:19]} Nbc6
{[%clk 0:56:01]} 14. g4 {[%clk 0:49:27]} Rc8 {[%clk 0:49:23]} 15. Kb1
{[%clk 0:37:33]} Nxd4 {[%clk 0:42:34]} 16. Nxd4 {[%clk 0:37:17]} Qc7
{[%clk 0:36:36]} 17. h4 {[%clk 0:31:52]} Qc4 {[%clk 0:35:06]} 18. Qf3
{[%clk 0:27:23]} Nc6 {[%clk 0:25:23]} 19. Nxc6 {[%clk 0:25:35]} Rxc6
{[%clk 0:23:35]} 20. Qf2 {[%clk 0:19:59]} Rfc8 {[%clk 0:22:23]} 21. Rh2
{[%clk 0:19:15]} Qe4 {[%clk 0:17:53]} 22. Rc1 {[%clk 0:14:04]} Rc4
{[%clk 0:16:55]} 23. f5 {[%clk 0:08:24]} Qxe5 {[%clk 0:16:15]} 24. Re1
{[%clk 0:08:22]} Rxc2 {[%clk 0:13:56]} 0-1

[Event "EUYCC 2025 - U12"]
[Site "?"]
[Date "2025.08.26"]
[Round "8.2"]
[White "Lazars, Krisjanis"]
[Black "Konstantinides, Savvas"]
[Result "1-0"]
[BlackElo "1864"]
[WhiteElo "1845"]
[LiveChessVersion "1.4.8"]

1. e4 {[%clk 1:30:58]} c5 {[%clk 1:30:55]} 2. Nf3 {[%clk 1:31:22]} d6
{[%clk 1:31:17]} 3. Bb5+ {[%clk 1:31:51]} Nd7 {[%clk 1:31:40]} 4. Ba4
{[%clk 1:32:11]} Ngf6 {[%clk 1:31:59]} 5. O-O {[%clk 1:31:22]} a6
{[%clk 1:30:28]} 6. c4 {[%clk 1:31:48]} g6 {[%clk 1:30:18]} 7. Nc3
{[%clk 1:31:18]} Bg7 {[%clk 1:30:12]} 8. d3 {[%clk 1:28:54]} O-O {[%clk 1:29:55]}
9. h3 {[%clk 1:26:31]} Rb8 {[%clk 1:26:40]} 10. a3 {[%clk 1:24:12]} Ne8
{[%clk 1:22:01]} 11. Be3 {[%clk 1:07:41]} Nc7 {[%clk 1:18:36]} 12. Qd2
{[%clk 1:03:27]} b5 {[%clk 1:18:06]} 13. Bb3 {[%clk 0:57:01]} Nb6
{[%clk 1:11:44]} 14. Bh6 {[%clk 0:41:44]} bxc4 {[%clk 1:09:24]} 15. dxc4
{[%clk 0:39:58]} Be6 {[%clk 1:08:05]} 16. Bxg7 {[%clk 0:40:17]} Kxg7 17. Ne2
{[%clk 0:39:35]} f6 {[%clk 1:03:39]} 18. Qc3 {[%clk 0:38:01]} Kg8
{[%clk 0:53:28]} 19. Rad1 {[%clk 0:35:29]} Qc8 {[%clk 0:48:17]} 20. Nh4
{[%clk 0:33:26]} Qb7 {[%clk 0:46:09]} 21. Ng3 {[%clk 0:30:37]} Bf7
{[%clk 0:44:44]} 22. Rd2 {[%clk 0:28:28]} Ne6 {[%clk 0:42:56]} 23. Bc2
{[%clk 0:25:50]} Nd4 {[%clk 0:42:24]} 24. b3 {[%clk 0:25:32]} Nxc2
{[%clk 0:41:35]} 25. Rxc2 {[%clk 0:24:51]} Nd7 {[%clk 0:40:38]} 26. Rb2
{[%clk 0:24:45]} Ne5 {[%clk 0:40:00]} 27. Rfb1 {[%clk 0:25:00]} a5
{[%clk 0:37:17]} 28. f4 {[%clk 0:24:16]} Nc6 {[%clk 0:37:39]} 29. a4
{[%clk 0:21:15]} Qc7 {[%clk 0:36:47]} 30. Nf3 {[%clk 0:19:37]} Rb4
{[%clk 0:35:43]} 31. h4 {[%clk 0:19:20]} Rfb8 {[%clk 0:33:30]} 32. h5
{[%clk 0:18:57]} Qb7 {[%clk 0:31:44]} 33. hxg6 {[%clk 0:18:56]} hxg6
{[%clk 0:32:00]} 34. Nd2 {[%clk 0:19:16]} Nd4 {[%clk 0:31:57]} 35. Kf2
{[%clk 0:19:06]} Be8 {[%clk 0:22:20]} 36. Ne2 {[%clk 0:15:01]} Nxe2
{[%clk 0:21:38]} 37. Kxe2 {[%clk 0:15:29]} Bxa4 {[%clk 0:21:08]} 38. Qh3
{[%clk 0:15:00]} Kg7 {[%clk 0:12:29]} 39. Rh1 {[%clk 0:14:20]} Rg8
{[%clk 0:12:30]} 40. Qh7+ {[%clk 0:13:22]} Kf8 {[%clk 0:10:46]} 41. Rh3
{[%clk 0:12:08]} Bc6 {[%clk 0:05:00]} 42. Re3 {[%clk 0:11:31]} a4
{[%clk 0:05:01]} 43. e5 {[%clk 0:11:20]} dxe5 {[%clk 0:04:29]} 44. fxe5
{[%clk 0:11:48]} e6 {[%clk 0:03:51]} 45. Qh4 {[%clk 0:10:13]} g5 {[%clk 0:03:51]}
46. Qh3 {[%clk 0:10:25]} g4 {[%clk 0:02:32]} 47. Qh4 Qf7 {[%clk 0:02:08]} 48.
exf6 {[%clk 0:10:50]} Bxg2 {[%clk 0:02:04]} 49. Rd3 {[%clk 0:09:22]} Ke8
{[%clk 0:01:57]} 50. Qg3 {[%clk 0:08:52]} Bf3+ {[%clk 0:00:36]} 51. Nxf3
{[%clk 0:09:02]} gxf3+ {[%clk 0:00:58]} 52. Qxf3 {[%clk 0:09:26]} 1-0

[Event "EUYCC 2025 - U12"]
[Site "?"]
[Date "2025.08.26"]
[Round "8.3"]
[White "Strekalovs, Ernests"]
[Black "Pasca, Alexandru-Daniel"]
[Result "0-1"]
[BlackElo "1873"]
[WhiteElo "1683"]
[LiveChessVersion "1.4.8"]

1. Nf3 {[%clk 1:30:59]} c5 {[%clk 1:30:55]} 2. g3 {[%clk 1:31:24]} Nc6
{[%clk 1:31:20]} 3. Bg2 {[%clk 1:31:48]} e5 {[%clk 1:31:48]} 4. d3
{[%clk 1:32:00]} h6 {[%clk 1:30:10]} 5. Nbd2 {[%clk 1:32:03]} g6 {[%clk 1:29:51]}
6. O-O {[%clk 1:31:57]} Bg7 {[%clk 1:30:13]} 7. e4 {[%clk 1:32:20]} Nge7
{[%clk 1:30:34]} 8. c3 {[%clk 1:31:27]} d6 {[%clk 1:28:44]} 9. h3
{[%clk 1:30:56]} O-O {[%clk 1:28:32]} 10. Kh2 {[%clk 1:28:20]} f5
{[%clk 1:22:36]} 11. Qe2 {[%clk 1:23:55]} f4 {[%clk 1:11:48]} 12. Nc4
{[%clk 1:19:18]} g5 {[%clk 0:57:04]} 13. g4 {[%clk 1:18:10]} Be6 {[%clk 0:50:56]}
14. Nfd2 {[%clk 1:06:39]} Qd7 {[%clk 0:42:01]} 15. Bf3 {[%clk 1:03:40]} Ng6
{[%clk 0:35:34]} 16. Na3 {[%clk 0:56:53]} Rab8 {[%clk 0:33:51]} 17. Nc2
{[%clk 0:52:33]} Kh7 {[%clk 0:31:45]} 18. c4 {[%clk 0:52:25]} Bf6
{[%clk 0:30:24]} 19. b3 {[%clk 0:49:53]} Nh4 {[%clk 0:29:43]} 20. Rg1
{[%clk 0:49:26]} Kg7 {[%clk 0:28:31]} 21. Bb2 {[%clk 0:45:55]} Kf7
{[%clk 0:25:57]} 22. Ne1 {[%clk 0:45:00]} h5 {[%clk 0:22:44]} 23. gxh5
{[%clk 0:27:43]} Bxh3 {[%clk 0:22:21]} 24. Bg2 {[%clk 0:22:16]} Nxg2
{[%clk 0:19:21]} 25. Nxg2 {[%clk 0:22:27]} g4 {[%clk 0:14:27]} 26. f3
{[%clk 0:21:19]} g3+ {[%clk 0:14:40]} 27. Kh1 {[%clk 0:21:43]} Rh8
{[%clk 0:14:34]} 28. Nxf4 {[%clk 0:21:26]} exf4 {[%clk 0:14:44]} 29. Bxf6
{[%clk 0:21:47]} Rxh5 {[%clk 0:15:02]} 30. Bh4 {[%clk 0:20:21]} Rxh4
{[%clk 0:15:26]} 31. Rxg3 {[%clk 0:20:45]} Bf1+ {[%clk 0:15:21]} 0-1

[Event "EUYCC 2025 - U12"]
[Site "?"]
[Date "2025.08.26"]
[Round "8.4"]
[White "Rzadkowska, Lila"]
[Black "Gawerska, Karolina"]
[Result "1-0"]
[BlackElo "1583"]
[WhiteElo "1964"]
[LiveChessVersion "1.4.8"]

1. e4 {[%clk 1:30:55]} c5 {[%clk 1:30:52]} 2. Nf3 {[%clk 1:31:16]} Nc6
{[%clk 1:31:17]} 3. d4 {[%clk 1:31:40]} cxd4 {[%clk 1:31:42]} 4. Nxd4
{[%clk 1:32:04]} g6 {[%clk 1:32:03]} 5. c4 {[%clk 1:32:29]} Bg7 {[%clk 1:32:27]}
6. Be3 {[%clk 1:32:53]} Nf6 {[%clk 1:32:49]} 7. Nc3 {[%clk 1:33:10]} Ng4
{[%clk 1:33:04]} 8. Qxg4 {[%clk 1:33:22]} Nxd4 {[%clk 1:33:25]} 9. Qd1
{[%clk 1:31:57]} Ne6 {[%clk 1:33:49]} 10. Bd3 {[%clk 1:29:29]} b6
{[%clk 1:33:47]} 11. O-O {[%clk 1:26:38]} O-O {[%clk 1:34:06]} 12. f4
{[%clk 1:21:43]} Bb7 {[%clk 1:31:43]} 13. Qd2 {[%clk 1:19:23]} d6
{[%clk 1:26:11]} 14. Bc2 {[%clk 1:15:16]} a5 {[%clk 1:23:50]} 15. f5
{[%clk 1:14:03]} Nc5 {[%clk 1:24:08]} 16. Bh6 {[%clk 1:10:50]} Rc8
{[%clk 1:13:22]} 17. Rf3 {[%clk 1:08:51]} Nd7 {[%clk 1:10:14]} 18. Rh3
{[%clk 1:06:02]} Nf6 {[%clk 1:09:54]} 19. Bxg7 {[%clk 1:06:04]} Kxg7
{[%clk 1:10:15]} 20. Qh6+ {[%clk 1:06:27]} Kg8 {[%clk 1:10:39]} 21. fxg6
{[%clk 0:55:55]} fxg6 {[%clk 1:10:40]} 22. e5 {[%clk 0:54:22]} dxe5
{[%clk 1:10:12]} 23. Bxg6 {[%clk 0:53:03]} Qd4+ {[%clk 0:57:21]} 24. Kh1
{[%clk 0:52:40]} Qf4 {[%clk 0:56:44]} 25. Bxh7+ {[%clk 0:50:02]} Kf7
{[%clk 0:57:04]} 26. Bg6+ {[%clk 0:49:50]} Ke6 {[%clk 0:57:15]} 27. Qxf4
{[%clk 0:48:53]} exf4 {[%clk 0:57:34]} 28. Re1+ {[%clk 0:49:08]} Kd6
{[%clk 0:57:52]} 29. Rd3+ {[%clk 0:47:35]} Kc7 {[%clk 0:57:42]} 30. Rxe7+
{[%clk 0:42:31]} Kb8 {[%clk 0:58:02]} 31. b3 {[%clk 0:36:46]} Rg8
{[%clk 0:57:02]} 32. Be4 {[%clk 0:35:58]} Nxe4 {[%clk 0:56:23]} 33. Nxe4
{[%clk 0:36:24]} Rge8 {[%clk 0:56:20]} 34. Rxb7+ {[%clk 0:35:57]} Kxb7
{[%clk 0:55:25]} 35. Nd6+ {[%clk 0:36:16]} Kc7 {[%clk 0:55:39]} 36. Nxe8+
{[%clk 0:36:35]} Rxe8 {[%clk 0:55:56]} 37. h3 {[%clk 0:34:53]} Re2
{[%clk 0:56:13]} 38. Rf3 {[%clk 0:33:51]} Rxa2 {[%clk 0:56:31]} 39. Rxf4
{[%clk 0:34:18]} Ra3 {[%clk 0:56:50]} 40. Rf3 {[%clk 0:34:40]} a4
{[%clk 0:57:14]} 41. bxa4 {[%clk 0:34:25]} Rxa4 {[%clk 0:57:29]} 42. Rc3
{[%clk 0:34:36]} Ra1+ {[%clk 0:57:48]} 43. Kh2 {[%clk 0:35:04]} Rd1
{[%clk 0:58:02]} 44. h4 {[%clk 0:34:48]} Kc6 {[%clk 0:57:56]} 45. h5
{[%clk 0:34:24]} Rd6 {[%clk 0:58:14]} 46. g4 {[%clk 0:33:55]} Rh6
{[%clk 0:58:27]} 47. Rh3 {[%clk 0:33:30]} Kc5 {[%clk 0:58:47]} 48. g5
{[%clk 0:33:32]} Re6 {[%clk 0:59:11]} 49. h6 {[%clk 0:33:41]} Kxc4
{[%clk 0:59:21]} 50. h7 {[%clk 0:34:03]} Re2+ {[%clk 0:59:41]} 51. Kg1
{[%clk 0:34:15]} Re8 {[%clk 0:59:39]} 52. h8=Q {[%clk 0:34:28]} Rxh8
{[%clk 1:00:03]} 53. Rxh8 {[%clk 0:34:56]} b5 {[%clk 1:00:25]} 54. g6
{[%clk 0:35:20]} b4 {[%clk 1:00:49]} 55. g7 {[%clk 0:35:36]} b3 {[%clk 1:01:15]}
56. g8=Q+ {[%clk 0:36:00]} Kb4 {[%clk 1:01:38]} 57. Rh4+ {[%clk 0:36:22]} Kc3
{[%clk 1:01:54]} 58. Rh3+ {[%clk 0:36:46]} Kb2 {[%clk 1:02:12]} 59. Qxb3+
{[%clk 0:37:08]} Kc1 {[%clk 1:02:31]} 60. Rc3+ {[%clk 0:37:15]} 1-0